[Event "Sao Paulo"]
[Site "Sao Paulo"]
[Date "1978.??.??"]
[Round "7"]
[White "Segal, Alexandru Sorin"]
[Black "Sosonko, Gennadi"]
[Result "1/2-1/2"]
[WhiteElo "2395"]
[BlackElo "2575"]

1.d4 Nf6 2.c4 e6 3.Nf3 b6 4.g3 Ba6 5.Qa4 Be7 6.Bg2 O-O 7.Nc3 c6 8.O-O d5
9.cxd5 cxd5 10.Bf4 Qd7 11.Qxd7 Nbxd7 12.Rfc1 Bb4 13.Bf1 Rac8 14.Nd1 Ne4 15.a3 Be7
16.Rxc8 Rxc8 17.Rc1 Rxc1 18.Bxc1 f5 19.e3 Bxf1 20.Kxf1 g5 21.Nd2 g4 22.Nxe4 fxe4
23.Nc3 Kf7 24.Bd2 Nb8 25.Ne2 Nc6 26.Kg2 Bd6 27.h3 h5 28.hxg4 hxg4 29.Kf1 e5
30.Bc3 Ke6 31.Ke1 b5 32.dxe5 Bxe5 33.Kd2 a6 34.b3  1/2-1/2

[Event "Vilnius"]
[Site "Vilnius"]
[Date "1978.??.??"]
[Round "3"]
[White "Tukmakov, Vladimir B"]
[Black "Piesina, Gintautas"]
[Result "1-0"]
[WhiteElo "2560"]
[BlackElo "2200"]

1.d4 Nf6 2.c4 e6 3.Nf3 b6 4.g3 Ba6 5.b3 Bb4+ 6.Bd2 Bxd2+ 7.Qxd2 O-O 8.Bg2 d5
9.Nc3 c6 10.O-O Nbd7 11.Ne5 Nxe5 12.dxe5 Nd7 13.f4 Qe7 14.Rfd1 Rfd8 15.Rac1 Rac8
16.cxd5 cxd5 17.e4 Qc5+ 18.Kh1 Qb4 19.exd5 exd5 20.Rc2 Nc5 21.Nxd5 Qxd2 22.Rcxd2 Kf8
23.Kg1 Bb7 24.b4 Na4 25.Nxb6 Rxd2 26.Rxd2 Rc1+ 27.Kf2 Bxg2 28.Nxa4 Bc6 29.Nc5 Ke7
30.Ke3 f6 31.Rd6 Be8 32.Ra6 Re1+  1-0

[Event "Schacknytts Jubileumsturnering"]
[Site "Malmo"]
[Date "1979.11.27"]
[Round "2"]
[White "Schmidt, Wlodzimierz"]
[Black "Stean, Michael"]
[Result "0-1"]
[WhiteElo "2430"]
[BlackElo "2540"]

1.d4 Nf6 2.c4 e6 3.Nf3 b6 4.g3 Ba6 5.b3 Bb4+ 6.Bd2 Be7 7.Bg2 c6 8.O-O O-O
9.Bf4 d5 10.Ne5 Nfd7 11.Nd2 Nxe5 12.Bxe5 Nd7 13.Bf4 Bf6 14.Nf3 dxc4 15.Bd6 Be7
16.Bxe7 Qxe7 17.bxc4 Bxc4 18.Nd2 Ba6 19.Bxc6 Rad8 20.Nf3 e5 21.Bxd7 Qxd7
22.Nxe5 Qxd4 23.Nc6 Qxd1 24.Rfxd1 Rxd1+ 25.Rxd1 Bxe2 26.Rd2 Bf3 27.Nxa7 Re8
28.Kf1 g5 29.Rc2 Kg7 30.Nb5 Rd8 31.Nc3 Rd3 32.Ke1 Kf6 33.Rc1 Ke5 34.Ne2 Kd6
35.Rc4 Bd5 36.Rc3 Rxc3 37.Nxc3 Bc6 38.Kd2 Kc5 39.Kd3 h6 40.a3 f5 41.f4 gxf4
42.gxf4 Bd7 43.Nd1 Bb5+ 44.Kc3 Kd5 45.Nf2 Ba6 46.a4 Bc8 47.Kd3 Bb7 48.Nd1 Ba6+
49.Kd2 Kd4 50.Ne3 Bc8 51.Nd1 Bd7 52.Nc3 Bc6  0-1

[Event "HUN-ch"]
[Site "Budapest"]
[Date "1979.??.??"]
[Round "5"]
[White "Petran, Pal"]
[Black "Csom, Istvan"]
[Result "1/2-1/2"]
[WhiteElo "2410"]
[BlackElo "2510"]

1.d4 Nf6 2.c4 e6 3.Nf3 b6 4.g3 Ba6 5.b3 Bb4+ 6.Bd2 Be7 7.Bg2 O-O 8.O-O d5
9.Bc3 Nbd7 10.Ne5 Bb7 11.Nd2 c5 12.e3 Rc8 13.f4 Qc7 14.Rc1 dxc4 15.bxc4 Rfd8
16.Qe2 Nf8 17.f5 Bxg2 18.Qxg2 Bd6 19.fxe6 fxe6 20.Nd3 Be7 21.Nf4 Qd7 22.d5 exd5
23.Bxf6 Bxf6 24.Nxd5 Be5 25.Rf5 Ng6 26.Rcf1 Rf8 27.Rxf8+ Rxf8 28.Rxf8+ Nxf8
29.Qe4 Qe6 30.Kg2 Kf7 31.Nf3 Bf6 32.Qf4 h6 33.Qb8 Qd7 34.e4 Ne6 35.Ne5+ Bxe5
36.Qxe5 Nd4 37.Qf4+ Kg8 38.h3 Qf7 39.Qb8+ Kh7 40.Qf4 Qe6 41.e5 Qg6 42.h4 Qc2+
43.Kh3 Qb1 44.a4 h5 45.Kg2 Qc2+ 46.Kh3 Qb1 47.Kg2 Qc2+ 48.Kh3 Qb1  1/2-1/2

[Event "BCF-ch"]
[Site "Chester"]
[Date "1979.??.??"]
[Round "4"]
[White "Haygarth, Michael J"]
[Black "Littlewood, Paul E"]
[Result "1/2-1/2"]
[WhiteElo "2355"]
[BlackElo "2405"]

1.d4 Nf6 2.c4 e6 3.Nf3 b6 4.g3 Ba6 5.Qc2 c5 6.Bg2 Nc6 7.dxc5 Bxc5 8.O-O Rc8
9.Qa4 Bb7 10.Nc3 O-O 11.Bd2 Na5 12.b4 Bxf3 13.bxa5 Bxg2 14.Kxg2 Qc7 15.Rac1 bxa5
16.f3 Bb6 17.Nd1 Qc6 18.Qa3 Bc5 19.Qxa5 Ng4 20.Qc3 d6 21.Nb2 h5 22.Nd3 Ne3+
23.Bxe3 Bxe3 24.Ne5  1/2-1/2

[Event "BCF-ch"]
[Site "Chester"]
[Date "1979.??.??"]
[Round "8"]
[White "Haygarth, Michael J"]
[Black "Morrison, Graham"]
[Result "1/2-1/2"]
[WhiteElo "2355"]
[BlackElo "2220"]

1.d4 Nf6 2.c4 e6 3.Nf3 b6 4.g3 Ba6 5.Nbd2 Bb7 6.Bg2 c5 7.Nb3 Qc7 8.O-O Be7
9.Bf4 d6 10.Rc1 O-O 11.h3 cxd4 12.Nbxd4 a6 13.Be3 Nbd7 14.b4 Rac8 15.Qb3 Qb8
16.Nd2 Bxg2 17.Kxg2 Qb7+ 18.f3 b5 19.a3 Ne5 20.Rc2 Nxc4 21.Nxc4 bxc4 22.Rxc4 Rxc4
23.Qxc4 Rc8 24.Qd3 Nd7 25.Rc1 Ne5 26.Rxc8+ Qxc8 27.Qb3 Nc4  1/2-1/2

[Event "BCF-ch"]
[Site "Chester"]
[Date "1979.??.??"]
[Round "8"]
[White "Botterill, George Steven"]
[Black "Bellin, Robert"]
[Result "1/2-1/2"]
[WhiteElo "2390"]
[BlackElo "2425"]

1.d4 Nf6 2.c4 e6 3.Nf3 b6 4.g3 Ba6 5.Qc2 Bb7 6.Bg2 c5 7.dxc5 Bxc5 8.O-O Be4
9.Qb3 O-O 10.Nc3 Bb7 11.Qc2 Be7 12.e4 d6 13.b3 Nbd7 14.Bb2 a6 15.Nd4 Qc7
16.Rac1 Rac8 17.Qe2 Rfe8 18.Rfe1 Bf8 19.h3 Qb8 20.Rc2 Nc5 21.Qd1 Ba8 22.Rce2 Red8
23.Nc2 Rc7  1/2-1/2

[Event "Copenhagen-ch"]
[Site "Copenhagen"]
[Date "1979.??.??"]
[Round "6"]
[White "Brondum, Eric"]
[Black "Kristiansen, Jens"]
[Result "1/2-1/2"]
[WhiteElo "2320"]
[BlackElo "2365"]

1.d4 Nf6 2.c4 e6 3.Nf3 b6 4.g3 Ba6 5.Qc2 Bb4+ 6.Bd2 Be7 7.Bg2 O-O 8.O-O c6
9.b3 d5 10.Bf4 Nbd7 11.Nbd2 Nh5 12.Be3 f5 13.cxd5 cxd5 14.Qc6 Kf7 15.h3 Qc8
16.Rac1 Qxc6 17.Rxc6 Rfc8 18.Rfc1 Rxc6 19.Rxc6 Bxe2 20.Bf1 Bxf1 21.Kxf1 h6
22.Ne5+ Nxe5 23.dxe5 f4 24.Bxf4 Nxf4 25.gxf4 Bc5 26.Ke2 a5 27.Nf3 Ra7 28.a4 Re7
29.Ne1 Kg6 30.Nd3 Bd4 31.Rc8 Rb7 32.Rf8 Rf7 33.f5+ Rxf5 34.Nf4+ Rxf4 35.Rxf4 Bxe5
36.Rf8 Bd6 37.Rd8 Bc5 38.Rd7 Kf6 39.h4 g6 40.Kf3 h5 41.Ke2  1/2-1/2

[Event "URS-FL"]
[Site "Frunze"]
[Date "1979.??.??"]
[Round "13"]
[White "Tukmakov, Vladimir B"]
[Black "Anikaev, Yuri N"]
[Result "1/2-1/2"]
[WhiteElo "2575"]
[BlackElo "2455"]

1.d4 Nf6 2.c4 e6 3.Nf3 b6 4.g3 Ba6 5.Nbd2 c5 6.Bg2 Bb7 7.dxc5 bxc5 8.O-O Be7
9.b3 O-O 10.Bb2 d6 11.Qc2 Nc6 12.Ng5 g6 13.e3 Nd7 14.h4 Nb4 15.Qb1 Bxg2 16.Kxg2 d5
17.cxd5 exd5 18.Ndf3 c4 19.Rd1 Nd3 20.Rxd3 cxd3 21.Qxd3 Bf6 22.Bxf6 Nxf6
23.Rd1 Qe7 24.Nd4 Rac8 25.Qa6 Ne4 26.Ngf3 Qf6 27.Qxf6 Nxf6 28.Ne5 Rc3 29.Nd3 a5
30.a4 Rfc8 31.Kf3 Kf8 32.Ke2 Ne4 33.g4  1/2-1/2

[Event "Johannesburg"]
[Site "Johannesburg"]
[Date "1979.??.??"]
[Round "?"]
[White "Unzicker, Wolfgang"]
[Black "Kortschnoj, Viktor"]
[Result "1-0"]
[WhiteElo "2530"]
[BlackElo "2695"]

1.c4 b6 2.d4 e6 3.Nf3 Nf6 4.g3 Ba6 5.Qa4 Ne4 6.Bg2 Nd6 7.c5 bxc5 8.dxc5 Nb7
9.c6 dxc6 10.Nc3 Bd6 11.O-O O-O 12.Rd1 Qe8 13.Nd4 Nd8 14.Be3 Bb7 15.Nb3 Nd7
16.Ne4 Nb6 17.Qa5 f5 18.Nec5 Bc8 19.Rac1 e5 20.Bd2 e4 21.Nd4 Nf7 22.Bf4 g5
23.Bxd6 cxd6 24.Na6 Qe5 25.Qa3 c5 26.Nc7 cxd4 27.Nxa8 Nxa8 28.Qxa7 Be6 29.Rxd4 Qb5
30.Rd2 Nb6 31.b3 Nd5 32.Qd4 Ne5 33.Rb2 Qb7 34.b4 Qg7 35.Rd2 Qh6 36.Rdc2 Rb8
37.a3 Ng4 38.h3 Ne5 39.Qa7 Qf8 40.Qd4 Ra8 41.b5 Qb8 42.g4 fxg4 43.Bxe4 Nf4
44.e3 Nxh3+ 45.Kg2 Qf8 46.Bd5 Bxd5+ 47.Qxd5+ Kg7 48.Rc7+ Kh8 49.R1c2 Rb8
50.Qe4 Qh6 51.Rc8+ Rxc8 52.Rxc8+ Kg7 53.Rc7+ Kf6 54.Rxh7 Qf8 55.b6 Ke6 56.Qc2  1-0

[Event "SWE-ch"]
[Site "?"]
[Date "1979.??.??"]
[Round "?"]
[White "Sjoberg, Mats"]
[Black "Rorvall, Goran"]
[Result "1-0"]
[WhiteElo "2200"]
[BlackElo "2360"]

1.d4 Nf6 2.c4 e6 3.Nf3 b6 4.g3 Ba6 5.b3 Bb4+ 6.Bd2 Be7 7.Bg2 c6 8.Ne5 d5
9.Bc3 Nfd7 10.Nxd7 Nxd7 11.Nd2 Nf6 12.O-O O-O 13.e4 dxe4 14.Nxe4 Rc8 15.a4 Qd7
16.Qe2 Rfd8 17.Rfd1 Qe8 18.Ra2 Nxe4 19.Bxe4 Bf6 20.Qf3 c5 21.Rad2 cxd4 22.Bxd4 Bxd4
23.Rxd4 Rxd4 24.Rxd4 Rd8 25.Bxh7+ Kf8 26.Rxd8 Qxd8 27.Be4 Ke7 28.Kg2 Qd4
29.Qf4 f5 30.Qc7+ Qd7 31.Qxd7+ Kxd7 32.Bd3 Bb7+ 33.Kh3 g5 34.f4 g4+ 35.Kh4 Kd6
36.Kg5 a5 37.Bc2 Bf3 38.Kf6 Be4 39.Bd1 Bf3 40.h4 Bxd1 41.h5 Bxb3 42.h6 Bxa4  1-0

[Event "Tirnavia-A"]
[Site "Trnava"]
[Date "1979.??.??"]
[Round "5"]
[White "Plachetka, Jan"]
[Black "Vilela, Jose Luis"]
[Result "1-0"]
[WhiteElo "2445"]
[BlackElo "2460"]

1.d4 Nf6 2.c4 e6 3.Nf3 b6 4.g3 Ba6 5.b3 Bb4+ 6.Bd2 Be7 7.Bg2 c6 8.O-O d5
9.Ne5 Nfd7 10.Bf4 O-O 11.Nd2 Nxe5 12.Bxe5 Nd7 13.Bf4 Nf6 14.e4 Rc8 15.Re1 Bb4
16.cxd5 cxd5 17.e5 Nd7 18.Qg4 Re8 19.a3 Bf8 20.Nf1 Rc3 21.b4 Nb8 22.Rec1 Rxc1
23.Rxc1 Qd7 24.Bd2 Rc8 25.Rxc8 Qxc8 26.Ne3 Qe8 27.h4 Bd3 28.h5 a5 29.Qd1 axb4
30.Bxb4 Bxb4 31.axb4 Bb5 32.h6 g6 33.Ng4 Nd7 34.Qc1 Be2 35.Ne3 Bc4 36.Bf1 b5
37.Qa3 f5 38.exf6 Nxf6 39.Bh3 Kf7 40.Ng2 e5 41.Qa7+ Qe7 42.Qxe7+ Kxe7 43.dxe5 Ng8
44.f4 Nxh6 45.Kf2 Nf7 46.Ne1 Nd8 47.Ke3 Nc6 48.Nc2 d4+ 49.Nxd4 Nxb4 50.Bg2 Kf7
51.Bb7 Na2 52.Nxb5 Bxb5 53.Bd5+ Ke7 54.Bxa2 Bd7 55.Bd5 h5 56.Be4 Be8 57.f5 gxf5
58.Bxf5 h4 59.g4 Kf7 60.Kf2 Kg7 61.g5 Bc6 62.Kg1 h3 63.Kh2 Bg2 64.Bxh3 Be4
65.Kg3 Kf7 66.Kf4 Bd5 67.Bf5 Bb3 68.Ke3 Ba2 69.Kd4 Bb3 70.g6+ Ke7 71.Be4 Ba4
72.Bd5 Kf8 73.Bf7  1-0

[Event "URS Spartakiad"]
[Site "URS"]
[Date "1979.??.??"]
[Round "?"]
[White "Karner, Hillar"]
[Black "Fokin, Sergey"]
[Result "1-0"]
[WhiteElo "2415"]
[BlackElo "2200"]

1.d4 Nf6 2.c4 e6 3.Nf3 b6 4.g3 Ba6 5.Nbd2 c5 6.e4 cxd4 7.e5 Ng8 8.Bg2 Bb7
9.O-O Qc8 10.Nb3 Nc6 11.Nbxd4 Nxd4 12.Qxd4 Ne7 13.b3 Nf5 14.Qd3 Bc5 15.Bd2 h5
16.b4 Be7 17.h3 Qc7 18.Rac1 Rd8 19.c5 Bxf3 20.Bxf3 Qxe5 21.Bc3 Qb8 22.Be4 O-O
23.Bxf5 exf5 24.Qxf5 bxc5 25.Rfe1 g6 26.Qf3 cxb4 27.Ba1 Qd6 28.Rcd1 Qc6 29.Qf4 Rde8
30.Re5 Bd8 31.Red5 Qxd5 32.Rxd5 Re1+ 33.Kg2 Rxa1 34.Qd2 Bf6 35.Rxd7 a5 36.Ra7 Bc3
37.Qc2 Re1 38.Rxa5 Rfe8 39.Qb3 R1e2 40.Qc4 Be1 41.Ra6 Rxf2+ 42.Kg1 Kh7 43.Ra7 Kg7
44.Rd7 Rf6 45.Kg2 Re5 46.g4 h4 47.Kh1 Bc3 48.a3 Rf2 49.Kg1 Rf3 50.Rd3 Rxd3
51.Qxd3 Re8 52.axb4  1-0

[Event "URS Spartakiad"]
[Site "URS"]
[Date "1979.??.??"]
[Round "?"]
[White "Mkrychian, Alla"]
[Black "Muslimova, Aida E"]
[Result "1-0"]
[WhiteElo "2230"]
[BlackElo "2135"]

1.d4 Nf6 2.c4 e6 3.Nf3 b6 4.g3 Ba6 5.Nbd2 c5 6.Bg2 Bb7 7.dxc5 Bxc5 8.O-O O-O
9.a3 Be7 10.b3 d5 11.cxd5 Nxd5 12.Bb2 Nf6 13.Rc1 Na6 14.b4 Rc8 15.Qa4 Qe8
16.Qb3 Qb5 17.Nd4 Qd7 18.N2f3 Bd5 19.Ne5 Qb7 20.Bxd5 Nxd5 21.Qf3 Bf6 22.Ng4 Bxd4
23.Bxd4 f6 24.Rcd1 Qf7 25.e4 Ne7 26.Bxf6 h5 27.Qe2 Ng6 28.Qxa6 hxg4 29.Bd4 Qf3
30.Qd3 Nh8 31.Rfe1 Qxd3 32.Rxd3 Nf7 33.f4 gxf3 34.Rxf3 Ng5 35.Rxf8+ Rxf8
36.Kg2 Rc8 37.h4 Rc2+ 38.Bf2 Nf7 39.Kf1 Ra2 40.Re3 Ne5 41.Rc3 Ng4 42.Bg1 Kh7
43.Be3 Kg6 44.Bg5 Ne5 45.Rc7 Rxa3 46.Re7 Kh5 47.Rxe6 Nf3 48.Bf4 Ra2 49.e5 Nd4
50.Rd6 Nf5 51.Rd3 Rb2 52.Bd2 Ne7 53.e6 Kg6 54.Bg5 Nc6 55.e7 Nxe7 56.Bxe7 Kf5
57.Rf3+  1-0

[Event "URS Spartakiad"]
[Site "URS"]
[Date "1979.??.??"]
[Round "?"]
[White "Dydyshko, Viacheslav"]
[Black "Balashov, Yuri S"]
[Result "1/2-1/2"]
[WhiteElo "2200"]
[BlackElo "2600"]

1.d4 e6 2.c4 Nf6 3.Nf3 b6 4.g3 Ba6 5.b3 Bb4+ 6.Bd2 Bxd2+ 7.Qxd2 c6 8.Nc3 d5
9.e4 dxe4 10.Ng5 O-O 11.Bg2 Nbd7 12.Ngxe4 Rc8 13.O-O b5 14.Nd6 Rb8 15.c5 b4
16.Ne2 Qc7 17.Rfe1 Bxe2 18.Qxe2 Nd5 19.Qa6 N7f6 20.a3 h6 21.Bf1 Ne8 22.Nc4 Nef6
23.Bg2 Rfc8 24.Nd6 Rf8 25.Rec1 Ra8 26.axb4 Nxb4 27.Qa5 Qxa5 28.Rxa5 Rfb8
29.Rca1 a6 30.Nc4 Ra7 31.R1a4 Rd7 32.Nd6 Nfd5 33.Bf1 Nc7  1/2-1/2

[Event "IBM-C"]
[Site "Amsterdam"]
[Date "1980.??.??"]
[Round "?"]
[White "Enklaar, Bertus F"]
[Black "Van der Sterren, Paul"]
[Result "1/2-1/2"]
[WhiteElo "2395"]
[BlackElo "2410"]

1.d4 Nf6 2.c4 e6 3.Nf3 b6 4.g3 Ba6 5.b3 Bb4+ 6.Bd2 Be7 7.Bg2 O-O 8.O-O d5
9.Qc2 Nbd7 10.Ne5 Nxe5 11.dxe5 Ng4 12.Bc3 f6 13.exf6 Bxf6 14.Nd2 c6 15.Nf3 Qe7
16.h3 Bxc3 17.Qxc3 Nf6 18.Qe5 Rad8 19.Nd4 Bc8 20.e3 Qd7 21.Rad1 Qd6 22.f4 Rfe8
23.g4 Bb7 24.Qg5 c5 25.Nf3 Qc7 26.Qe5 Qc8 27.Nh4 Nd7 28.Qc3 dxc4 29.bxc4 Bxg2
30.Nxg2 Qc7 31.Nh4 Nf6 32.Nf3 Qc6 33.Qc2 Rxd1 34.Qxd1 Qe4 35.Qe2 Rd8 36.Ng5 Qd3
37.Qf3 Qxc4 38.Qb7 Qd5 39.Qf7+ Kh8 40.Qxa7 Kg8 41.Qxb6 Re8 42.Qb3 c4 43.Qc2 h6
44.Nf3 Ra8 45.Ne5 c3 46.a4 Qd2 47.Qxd2 cxd2 48.Rd1 Ne4 49.Kg2 Rxa4 50.Kf3 g5
51.Nd3 gxf4 52.exf4 Rc4 53.Ke3 Kg7 54.Nb2 Rb4 55.Nd3 Rc4 56.Rf1 Kf6 57.Ra1 Ra4
58.Rg1 d1=Q 59.Rxd1 Nc3 60.Rf1 Nd5+ 61.Ke2 Re4+ 62.Kd2 Re3 63.Nf2 Kg7 64.f5 exf5
65.gxf5 Rf3 66.Rg1+ Kf6 67.Ng4+ Kxf5 68.Nxh6+ Ke4 69.Rg4+ Nf4 70.Nf7  1/2-1/2

[Event "Baku"]
[Site "Baku"]
[Date "1980.??.??"]
[Round "14"]
[White "Antoshin, Vladimir S"]
[Black "Csom, Istvan"]
[Result "1/2-1/2"]
[WhiteElo "2480"]
[BlackElo "2510"]

1.d4 Nf6 2.c4 e6 3.Nf3 b6 4.g3 Ba6 5.Qa4 c5 6.Bg2 Bb7 7.dxc5 bxc5 8.O-O Be7
9.Nc3 O-O 10.Bf4 d6 11.Rfd1 Qb6 12.Qb5 Qc7 13.Rd2 a6 14.Qb3 Nc6 15.Qd1 Rfd8
16.h3 Rd7 17.g4 Rad8 18.g5 Nh5 19.Bh2 Nd4 20.e3 Nxf3+ 21.Bxf3 Bxf3 22.Qxf3 g6
23.Qg4  1/2-1/2

[Event "Bayern-ch"]
[Site "Kitzingen"]
[Date "1980.??.??"]
[Round "?"]
[White "Stoll, Joachim"]
[Black "Hartmann, Wolfram"]
[Result "1/2-1/2"]
[WhiteElo "2280"]
[BlackElo "2225"]

1.d4 Nf6 2.c4 e6 3.Nf3 b6 4.g3 Ba6 5.Qa4 c6 6.Nc3 b5 7.cxb5 cxb5 8.Nxb5 Qb6
9.Nc3 Bb4 10.Bd2 O-O 11.e3 Bb7 12.Bg2 Nc6 13.O-O a5 14.Qb3 Qa7 15.Rfc1 a4
16.Qd1 d5 17.b3 Bxc3 18.Bxc3 Ne4 19.Be1 axb3 20.axb3 Qb6 21.Ra4 Rab8 22.Bf1 Rfc8
23.Kg2 f6 24.Nd2 Nd6 25.Rc5 Ra8 26.Nf3 Ne4 27.Rc1 Rd8 28.Rca1  1/2-1/2

[Event "Malta ol (Men)"]
[Site "La Valetta"]
[Date "1980.??.??"]
[Round "?"]
[White "Sosonko, Gennadi"]
[Black "Parma, Bruno"]
[Result "1/2-1/2"]
[WhiteElo "2545"]
[BlackElo "2520"]

1.d4 Nf6 2.c4 e6 3.Nf3 b6 4.g3 Ba6 5.Nbd2 Bb7 6.Bg2 c5 7.e4 cxd4 8.e5 Ng8
9.O-O d6 10.Nb3 dxe5 11.Nxe5 Bxg2 12.Kxg2 Nd7 13.Nc6 Qc8 14.Nbxd4 Ne7 15.Qf3 Nxc6
16.Nxc6 Qb7 17.b3 Rc8  1/2-1/2

[Event "Makarczyk mem"]
[Site "Lodz"]
[Date "1980.??.??"]
[Round "10"]
[White "Adamski, Jan"]
[Black "Kojder, Konrad"]
[Result "1/2-1/2"]
[WhiteElo "2410"]
[BlackElo "2430"]

1.c4 Nf6 2.Nf3 b6 3.d4 e6 4.g3 Ba6 5.Nbd2 Bb4 6.Qc2 c5 7.Bg2 Bb7 8.dxc5 Be4
9.Qa4 bxc5 10.O-O Bxd2 11.Bxd2 O-O 12.Rfd1 d5 13.Bg5 Nbd7 14.cxd5 exd5 15.Ne5 Nb6
16.Qb5 Bxg2 17.Kxg2 Qd6 18.Bxf6 Qxf6 19.Nd3 c4 20.Nf4 d4 21.a4 a5 22.Nd5 Nxd5
23.Qxd5 c3 24.bxc3 dxc3 25.Rac1  1/2-1/2

[Event "Lone Pine"]
[Site "Lone Pine"]
[Date "1980.??.??"]
[Round "6"]
[White "Rajkovic, Dusan"]
[Black "Grefe, John A"]
[Result "1/2-1/2"]
[WhiteElo "2495"]
[BlackElo "2410"]

1.d4 Nf6 2.c4 e6 3.Nf3 b6 4.g3 Ba6 5.Qa4 c6 6.Bf4 b5 7.cxb5 cxb5 8.Qd1 Bb4+
9.Bd2 Be7 10.Bg2 Bb7 11.O-O O-O 12.Na3 a6 13.e3 d6 14.Qe2 Nbd7 15.Rfc1 Qb6
16.Qe1 Rac8 17.Ba5 Qa7 18.Nc2 Qa8 19.Qe2 Ne4 20.Nfe1 f5 21.Nb4 e5 22.dxe5 dxe5
23.Nbd3 Ng5 24.Bxb7 Qxb7 25.h4 Ne6 26.Rxc8 Rxc8 27.Rc1 Rxc1 28.Nxc1 e4 29.Qc2 Kf7
30.Bc3 b4 31.Bd2 Qd5 32.b3 Ne5 33.Ne2 Bc5 34.Kf1 h6 35.Bc1 g5 36.hxg5 hxg5
37.Bb2 Ng4 38.Bc1 Qa8 39.Qd2 Ke7 40.Bb2 a5 41.Nd4 Qd5 42.Nec2 Bxd4 43.Nxd4 Nh2+
44.Kg2 Nf3 45.Qd1 Nexd4 46.Bxd4 Ke6 47.Qh1 Nxd4 48.Qh6+ Kd7 49.Qg7+ Kc6 50.exd4 e3+
51.Kf1 exf2 52.Kxf2 g4 53.Qg6+  1/2-1/2

[Event "DDR-ch 29th"]
[Site "Plauen"]
[Date "1980.??.??"]
[Round "4"]
[White "Heinig, Wolfram"]
[Black "Gruenberg, Hans Ulrich"]
[Result "0-1"]
[WhiteElo "2330"]
[BlackElo "2385"]

1.d4 Nf6 2.c4 e6 3.Nf3 b6 4.g3 Ba6 5.Nbd2 c5 6.Bg2 Bb7 7.O-O Qc8 8.b3 cxd4
9.Bb2 Be7 10.Bxd4 O-O 11.Bb2 d6 12.Qc2 Nbd7 13.Rac1 a6 14.Rfd1 Qb8 15.Ng5 Bxg2
16.Kxg2 Qb7+ 17.f3 d5 18.e4 Ng4 19.fxg4 Bxg5 20.exd5 exd5 21.Qf5 d4+ 22.Kh3 h6
23.Bxd4 Rae8 24.Rc3 Re2 25.Qf3 Qxf3 26.Nxf3 Rfe8 27.Rcd3 Rxa2 28.Nxg5 hxg5
29.R1d2 Re2 30.Rxa2 Rxa2 31.Be3 Ne5 32.Rd2 Ra3 33.Rb2 Nd3 34.Rb1 a5 35.Bxb6 a4
36.bxa4 Nf4+  0-1

[Event "Reggio Emilia8081"]
[Site "Reggio Emilia"]
[Date "1980.??.??"]
[Round "3"]
[White "Braunberger, Federico"]
[Black "Wagman, Stuart"]
[Result "1/2-1/2"]
[WhiteElo "2200"]
[BlackElo "2300"]

1.d4 Nf6 2.Nf3 b6 3.c4 e6 4.g3 Ba6 5.b3 d5 6.Bg2 Bb4+ 7.Bd2 Be7 8.O-O c6
9.Ne5 O-O 10.Bc3 Bb7 11.Nd2 c5 12.e3 Nbd7 13.Nxd7 Qxd7 14.cxd5 Nxd5 15.Bb2 cxd4  1/2-1/2

[Event "Reykjavik"]
[Site "Reykjavik"]
[Date "1980.??.??"]
[Round "?"]
[White "Sosonko, Gennadi"]
[Black "Helmers, Knut J"]
[Result "1-0"]
[WhiteElo "2545"]
[BlackElo "2405"]

1.d4 Nf6 2.c4 e6 3.Nf3 b6 4.g3 Ba6 5.Nbd2 c5 6.e4 Bb7 7.d5 exd5 8.exd5 Be7
9.Bg2 d6 10.O-O O-O 11.b3 Nbd7 12.Bb2 Re8 13.Qc2 h6 14.Rae1 Qc7 15.Nh4 Bf8
16.Ne4 Nxe4 17.Bxe4 Be7 18.Nf5 Bf6 19.Re2 h5 20.Ree1 Bxb2 21.Qxb2 Nf6 22.Bc2 Re2
23.Rxe2 Re8 24.Qxf6 gxf6 25.Rxe8+  1-0

[Event "Sarajevo"]
[Site "Sarajevo"]
[Date "1980.??.??"]
[Round "?"]
[White "Ivkov, Borislav"]
[Black "Lengyel, Levente"]
[Result "1-0"]
[WhiteElo "2530"]
[BlackElo "2445"]

1.Nf3 Nf6 2.c4 e6 3.d4 b6 4.g3 Ba6 5.b3 Bb4+ 6.Bd2 Be7 7.Bg2 c6 8.Bc3 O-O
9.Nbd2 d5 10.O-O Nbd7 11.Re1 Bb7 12.e4 Nxe4 13.Nxe4 dxe4 14.Rxe4 Bf6 15.Re3 Qc7
16.Qe1 Rfd8 17.Rd1 c5 18.dxc5 bxc5 19.Red3 Bxc3 20.Qxc3 Nf6 21.Ne5 Rxd3 22.Qxd3 Bxg2
23.Kxg2 Rc8 24.Qd6 Qb7+ 25.Qc6 Qb8 26.Qd6 Qb7+ 27.Qc6 Qb8 28.Nd7 Nxd7 29.Qxd7 Kf8
30.Qd6+ Qxd6 31.Rxd6 Ke7 32.Ra6 Rc7 33.Kf3 Kd7 34.Ke4 Kc8 35.Ke5 Kd7 36.f4 h5
37.h3 Ke7 38.g4 hxg4 39.hxg4 f6+ 40.Ke4 Kf7 41.f5 exf5+ 42.gxf5 Re7+ 43.Kd5 Re5+
44.Kd6 Rxf5 45.Rxa7+ Kg6 46.a3 Rf3 47.b4 cxb4 48.axb4 Rb3 49.b5 f5 50.Kc6 f4
51.b6 f3 52.b7  1-0

[Event "Stary Smokovec"]
[Site "Stary Smokovec"]
[Date "1980.??.??"]
[Round "8"]
[White "Lakic, Nikola"]
[Black "Ambroz, Jan"]
[Result "1/2-1/2"]
[WhiteElo "2395"]
[BlackElo "2390"]

1.d4 Nf6 2.c4 e6 3.Nf3 b6 4.g3 Ba6 5.b3 Bb4+ 6.Bd2 Be7 7.Bg2 c6 8.O-O d5
9.Bc3 Nbd7 10.Nbd2 O-O 11.Re1 Rc8 12.e4 dxe4  1/2-1/2

[Event "Stary Smokovec"]
[Site "Stary Smokovec"]
[Date "1980.??.??"]
[Round "12"]
[White "Szilagyi, Gyorgy"]
[Black "Ambroz, Jan"]
[Result "1/2-1/2"]
[WhiteElo "2375"]
[BlackElo "2390"]

1.Nf3 Nf6 2.c4 b6 3.d4 e6 4.g3 Ba6 5.b3 d5 6.Bg2 Bb4+ 7.Bd2 Be7 8.O-O c6
9.Ne5 Nfd7 10.Bf4 Nxe5 11.Bxe5 O-O 12.Nd2 Nd7 13.Bf4 Bf6 14.Nf3 dxc4 15.Bd6 Be7
16.Bxe7 Qxe7 17.bxc4 Qb4 18.Nd2 Rac8 19.Qc2 Rfd8 20.Rab1 Qe7 21.Rfe1 c5 22.Qa4 Nb8
23.d5 exd5 24.Bxd5 b5  1/2-1/2

[Event "SWE-ch"]
[Site "?"]
[Date "1980.??.??"]
[Round "?"]
[White "Sjoberg, Mats"]
[Black "Svensson, Bengt"]
[Result "1-0"]
[WhiteElo "2230"]
[BlackElo "2200"]

1.d4 Nf6 2.c4 e6 3.Nf3 b6 4.g3 Ba6 5.b3 Bb4+ 6.Bd2 Be7 7.Bg2 c6 8.O-O d5
9.Ne5 O-O 10.Bf4 Nfd7 11.Nxd7 Nxd7 12.Nd2 Bf6 13.cxd5 cxd5 14.Nf3 Rc8 15.Re1 Qe7
16.a4 Rc6 17.Rb1 b5 18.e4 dxe4 19.Nd2 Bxd4 20.Bxe4 Rc3 21.Nf3 Bb6 22.Bd6 Qf6
23.a5 Bc5 24.Bxf8 Nxf8 25.b4 Be7 26.Rb3 Rc4 27.Qd2 h6 28.Ne5 Rxe4 29.Rxe4 Bb7
30.Rf3 Qg5 31.Qxg5 Bxg5 32.Rxf7 Bxe4 33.f4 Ng6 34.Rxa7 Nxe5 35.fxg5 Nd3 36.Rd7 Ne5
37.Rd8+ Kf7 38.gxh6 gxh6 39.a6 Ke7 40.Rb8 Nc6 41.Rb7+ Kd6  1-0

[Event "DDR-HUN"]
[Site "Zinnowitz"]
[Date "1980.??.??"]
[Round "?"]
[White "Gruenberg, Hans Ulrich"]
[Black "Schneider, Attila"]
[Result "1/2-1/2"]
[WhiteElo "2385"]
[BlackElo "2325"]

1.d4 Nf6 2.c4 e6 3.Nf3 b6 4.g3 Ba6 5.Qa4 c5 6.Bg2 Bb7 7.O-O cxd4 8.Nxd4 Bxg2
9.Kxg2 Qc8 10.Bf4 a6 11.Nc3 Be7 12.Rfd1 Qb7+ 13.Nf3 O-O 14.Rd2 Rc8 15.Rad1 Nc6
16.Kg1 b5 17.cxb5 axb5 18.Qxb5 Qxb5 19.Nxb5 Rxa2 20.Rc1 Rca8 21.Ne5 Nxe5
22.Bxe5 R2a5 23.Nc7 Ra1 24.Rcd1 R8a2 25.Bxf6  1/2-1/2

[Event "BCF-ch"]
[Site "Morecambe"]
[Date "1981.08.10"]
[Round "7"]
[White "Ravikumar, Vaidyanathan"]
[Black "Lee, Graham D"]
[Result "1/2-1/2"]
[WhiteElo "2325"]
[BlackElo "2360"]

1.d4 Nf6 2.c4 e6 3.Nf3 b6 4.g3 Ba6 5.Qc2 c5 6.Bg2 Bb7 7.dxc5 bxc5 8.Nc3 Be7
9.O-O O-O 10.Bg5 Qb6 11.Rfd1 d6 12.Bf4 Rd8 13.Rd2 Nbd7 14.Rad1 Nf8 15.Qb3 Qa6
16.Nb5 Ne4 17.Rd3 Rab8 18.Ne1 Ng6 19.Bxe4 Bxe4 20.Bxd6 Bxd3 21.Bxb8 Bxe2
22.Rxd8+ Bxd8 23.Qc2 Bg4 24.Qe4 Bh3 25.a3 Ba5 26.Nd3 f5 27.Nxc5 fxe4 28.Nxa6 Bd2
29.Bxa7 Ne5 30.b3 Ng4 31.Nb4 e3 32.fxe3 Nxe3 33.Nd4 Bg4 34.Ndc2 Nxc2 35.Nxc2 Bd1
36.Nd4 e5 37.Nc6 e4 38.b4 e3 39.Ne5 e2 40.Nf3 e1=Q+ 41.Nxe1 Bxe1 42.Bf2 Bc3
43.b5 Ba4 44.Bc5 Kf7 45.Kf2 Ke6 46.Ke3 Bb2 47.Bd4 Bc1+ 48.Kd3 g6 49.Bc5 Bb2
50.Bb4 h5 51.Bf8 Be5 52.Bb4 g5 53.Bc3 Bb8 54.Bd2 g4 55.Bf4 Bxf4 56.gxf4 Kf5
57.Ke3 h4 58.b6 Bc6 59.a4 g3 60.h3 g2 61.Kf2 Kxf4 62.a5 Ke5 63.a6 Kd6 64.c5+ Kd7
65.Kg1  1/2-1/2

[Event "BCF-ch"]
[Site "Morecambe"]
[Date "1981.08.14"]
[Round "11"]
[White "Hawksworth, John C"]
[Black "Wells, Peter K"]
[Result "1/2-1/2"]
[WhiteElo "2220"]
[BlackElo "2260"]

1.d4 Nf6 2.c4 e6 3.Nf3 b6 4.g3 Ba6 5.Qc2 c5 6.d5 exd5 7.cxd5 Bb7 8.Nc3 Nxd5
9.Qe4+ Qe7 10.Ne5 Nc6 11.Nxd5 Qxe5 12.Qxe5+ Nxe5 13.Bg2 O-O-O 14.O-O Nc6
15.Rd1 Nd4 16.e3 Ne2+ 17.Kh1 Nxc1 18.Raxc1 g6 19.b4 d6  1/2-1/2

[Event "AUT-ch"]
[Site "AUT"]
[Date "1981.??.??"]
[Round "4"]
[White "Stoppel, Franz"]
[Black "Titz, Heimo"]
[Result "1-0"]
[WhiteElo "2245"]
[BlackElo "2200"]

1.c4 Nf6 2.d4 e6 3.Nf3 b6 4.g3 Ba6 5.Qa4 Bb7 6.Bg2 Be7 7.O-O O-O 8.Nc3 Ne4
9.Qc2 Nxc3 10.Qxc3 Bf6 11.Qc2 d6 12.Ng5 Bxg5 13.Bxb7 Nd7 14.Bxa8 Bxc1 15.Be4 Bh6
16.Bxh7+ Kh8 17.Be4 f5 18.Bg2  1-0

[Event "Bergsjo"]
[Site "Bergsjo"]
[Date "1981.??.??"]
[Round "?"]
[White "Helmers, Knut J"]
[Black "Plaskett, Jim"]
[Result "0-1"]
[WhiteElo "2415"]
[BlackElo "2405"]

1.d4 Nf6 2.Nf3 e6 3.c4 b6 4.g3 Ba6 5.b3 d5 6.Bg2 dxc4 7.Ne5 Bb4+ 8.Bd2 Qxd4
9.Bxb4 Qxa1 10.Bc3 Qxa2 11.Bxa8 cxb3 12.Nd2 Nd5 13.Bxd5 exd5 14.Nxb3 O-O
15.Nc1 Qa3 16.Qd2 Qd6 17.Nf3 c5 18.Be5 Qe6 19.Nd3 Nc6 20.Nf4 Qf5 21.Nxd5 Qb1+
22.Qd1 Qxd1+ 23.Kxd1 Rd8 24.e4 f5 25.Bc7 Rd7 26.Kc1 fxe4 27.Rd1 Bd3  0-1